[Event "DSOL 03 Liga Gr-B 1st"]
[Site "Playchess.com INT"]
[Date "2020.07.23"]
[Round "5.1"]
[White "Gitkis, Alexey"]
[Black "Linseisen, Stefan"]
[Result "0-1"]
[WhiteElo "2033"]
[BlackElo "2057"]
[PlyCount "105"]
[EventDate "2020.06.22"]
[EventType "team-tourn (rapid)"]
[EventCountry "GER"]
[SourceTitle "EXT 2021"]
[Source "ChessBase"]
[SourceDate "2020.10.23"]
[SourceVersion "1"]
[SourceVersionDate "2020.10.23"]
[SourceQuality "1"]
[WhiteTeam "Eilenriede Weiss Blau"]
[BlackTeam "Bad Toelz"]
[WhiteTeamCountry "GER"]
[BlackTeamCountry "GER"]

1. e4 g6 2. d4 d6 3. Nc3 Bg7 4. f4 Nf6 5. Nf3 0-0 6. Bd3 Nc6 7. e5 Nh5 8. Be3 Nb4 9. Bc4 Bf5 10. Rc1 c5 11. 0-0 e6 12. Bb3 dxe5 13. dxe5 b6 14. a3 Nc6 15. Qe1 f6 16. Rd1 Qe7 17. h3 fxe5 18. g4 Nd4 19. gxf5 Nxb3 20. fxe5 Rxf5 21. cxb3 Raf8 22. Qh4 Qf7 23. Nd2 Bxe5 24. Rxf5 exf5 25. Nf3 Bf6 26. Qa4 Qb7 27. Qc4+ Kh8 28. Qd5 Qg7 29. Qd7 Bxc3 30. bxc3 Qxc3 31. Qe7 Qg7 32. Rd7 Qxe7 33. Rxe7 f4 34. Bd2 Rd8 35. Bc3+ Kg8 36. Rxa7 Kf8 37. Ne5 Ng3 38. Nd7+ Rxd7 39. Rxd7 Ne2+ 40. Kg2 Nxc3 41. Rxh7 Nb5 42. Rb7 Nxa3 43. Rxb6 c4 44. Rxg6 cxb3 45. Rb6 Ke7 46. Rxb3 Nc2 47. Rb6 Nd4 48. h4 Kf7 49. h5 Kg7 50. Kf2 Kf7 51. Rb4 Ne6 52. Rb7+ Kg8 53. Kf3 0-1